000 00926cam a22002775i 4500
001 23042211
003 OSt
005 20231018114702.0
008 230330s2022 ii 000 0 eng
010 _a 2023336729
020 _a9780670096695
025 _aI-E-2023336729; 68-92
037 _bLibrary of Congress -- New Delhi Overseas Office
040 _aDLC
_beng
_erda
_cDLC
042 _alcode
082 _a954.040924
_bAMB/B
245 0 0 _aBabasaheb :
_bmy life with Dr. Ambedkar /
_cSavita Ambedkar; translated from the Marathi by Nadeem Khan.
264 1 _aGurugram :
_bVintage,
_c2022.
300 _axxv, 337 pages
336 _atext
_btxt
_2rdacontent
337 _aunmediated
_bn
_2rdamedia
338 _avolume
_bnc
_2rdacarrier
906 _a7
_bpar
_corigode
_d3
_encip
_f20
_gy-gencatlg
942 _2ddc
_cBK
_h954.040924
_iAMB/B
_k954.040924
_mAMB/B
999 _c42563
_d42563